ПОЗДРАВИТЕЛЕН адрес по случай 90-год. на акад. Михаил Арнаудов от БАН. Подпис : Председател акад. А. Балевски (Запис номер 342330)
[ съкратено ]
| 000 -Лидер | |
|---|---|
| Контролно поле с фиксирана дължина | 01010nam a2200265 c 4500 |
| 003 - Код на организацията, давaща контролен номер | |
| Контролно поле | BLK |
| 005 - Дата и час на последна редакция | |
| Контролно поле | 20240801131719.0 |
| 008 - Елементи от данни с фиксирана дължина | |
| fixed length control field | 180911b bul|||||r ||||||| ||bul|| |
| 010 ## - Наследен системен номер | |
| LC control number | 001969 |
| 040 ## - Източник на каталожния запис | |
| Идентификатор на билиотеката - собственик на записа | BLK |
| 041 ## - Код за език | |
| Код за езика на текст/звукозапис или на отделно заглавие | Български |
| Код за езика КДБФ | Български |
| 080 ## - УДК | |
| УДК - код + определител | 394.4 |
| 245 10 - Сведения за заглавието | |
| Заглавие | ПОЗДРАВИТЕЛЕН адрес по случай 90-год. на акад. Михаил Арнаудов от БАН. Подпис : Председател акад. А. Балевски |
| 246 ## - Различни форми на заглавието | |
| Паралелно заглавие | Машинопис |
| Подзаглавни данни | ПОЗДРАВИТЕЛЕН адрес |
| 260 ## - Област на издателските данни | |
| Място на издаване, разпространение и проч. | София |
| Година на издаване | 1968 |
| 300 ## - Физическа характеристика | |
| Страници | 3 л |
| Размери/Мащаб | 32 с |
| 380 ## - Жанр | |
| Жанр | Общ отдел |
| 490 ## - СЕРИИ (Колекции) | |
| Име на серия | Частна колекция - Академик Михаил Арнаудов |
| Бележки за серията | Дарение - Основен фонд |
| 501 ## - Забележка „подвързано към” | |
| Забележка: Подвързано към... | Папката е кожена със златен надпис : Българска академия на науките. |
| 655 ## - Ключова дума – жанр/разновидност | |
| Данни за жанр/разновидност или ключова дума за фокус | Юбилеи |
| 852 ## - Местоположение | |
| Форматна сигнатура | МА 4708 |
| 942 ## - АРТИКУЛИ | |
| Вид на библиотечния материал | Книги |
| Скрит в OPAC | Не |
| 944 ## - СЪЗДАВАНЕ И РЕДАКЦИЯ на ЗАПИСА | |
| Създаване/Редакция | Създаване |
| Служител, извършил регистрацията/редакцията | 30560 |
| Статус, дата на статуса | Геновева Генчева |
| 999 ## - СИСТЕМНИ КОНТРОЛНИ НОМЕРА | |
| Koha biblionumber | 342330 |
| Koha biblioitemnumber | 342330 |
| 999 ## - СИСТЕМНИ КОНТРОЛНИ НОМЕРА | |
| Koha biblioitemnumber | 342330 |
| Код за отписване | Код за изгубен артикул | Източник на класификационната схема | Код за повреда | Коз за рестрикции | Код за отдаване | Артикулен № | Име на библиотеката - собственик | Име на библиотеката, в която се намира в момента | Статус (Текущо местоположение) | Дата на вписване в системата | Местоположение - отдел | Цена в лева | Инвентарен номер | Систематично азбучна сигнатура | Баркод | Цена в евро | Служебен тип на артикула |
|---|---|---|---|---|---|---|---|---|---|---|---|---|---|---|---|---|---|
| Не е изгубен | Universal Decimal Classification | Не е повреден | само за читалня | Специални фондове ( старопечатни, редки и ценни, фонд М. Арнаудов) | 747628 | Регионална библиотека "Любен Каравелов" Русе | Регионална библиотека "Любен Каравелов" Русе | Фонд "Михаил Арнаудов" | 2019-10-19 | Фонд "Михаил Арнаудов" | 2.00 | 704300 | МА 4708 | 900000001064 | 1.02 | Книги |